Paesi che contengono una lettera - RR+ - Statistics

Statistiche generali
  • Questo quiz è stato fatto 207 volte
  • Il punteggio medio è 4 su 8
Statistiche sulle risposte
Categoria Paese % Corretto
3 x R Repubblica Centrafricana
80%
2 x R Repubblica Democratica del Congo
77%
2 x R Corea del Nord
57%
2 x R Stati Federati di Micronesia
49%
2 x R Emirati Arabi Uniti
46%
2 x R Sierra Leone
40%
2 x R Andorra
37%
2 x R Eritrea
35%
Nessun quiz corrispondente trovato
Distribuzione punteggi
Percentuale di utenti per punteggio
Percentile per numero di risposta
I tuoi punteggi nel tempo
Non hai fatto questo quiz